000 00658nam a2200181Ia 4500
008 151202s9999||||xx |||||||||||||| ||und||
082 _bPNVM-41489
100 _aमाडगूळकर ग.दि.
245 _aवाटेवरल्या सावल्या.
260 _b"विश्‍वमोहिनी प्रकाशन,पुणे."
260 _c0
300 _a165
600 _aमाडगूळकर ग.दि.
630 _aवाटेवरल्या सावल्या.
700 _aमाडगूळकर ग.दि.
730 _aवाटेवरल्या सावल्या.
942 _cBOOK
999 _c1307441
_d1307438